Statistics for top 15 countries

Click here to take the quiz!

General Stats

  • This quiz has been taken 5 times
  • The average score is 12 of 15

Answer Stats

Answer% Correct
10brazil
100%
11canada
100%
2china
100%
5france
100%
6germany
100%
3russia
100%
14spain
100%
7uk
100%
1usa
100%
9australia
80%
4india
80%
8italy
80%
12argentina
60%
13netherlands
20%
15south africa
20%

Score Distribution

Percentile by Number Answered

Percent of People with Each Score

Your Score History

You have not taken this quiz